=LDR 00000nam 2200000 4500 =001 INLIS000000000004003 =005 20130612092307 =008 ***********************************Ind** =035 ##$$0010-061300000004003 =041 ##$$a Ind =082 ##$$a 808.3 =090 ##$$a 808.3, Hem-s =100 ##$$a Hemingway, Ernest =245 ##$$a Salju Kilimanjaro, Ernest Hemingway; penerjemah, Ursula Giyani Buditjahja =260 ##$$a 1997 $b Jakarta =300 ##$$a xxxiv, 302 hlm., 17 cm =650 ##$$a Fiksi Inggris =650 ##$$a Sejarah dan kritik =700 ##$$a Budicahyo, Ursula Giyani =850 ##$$a NBPNMAT